LIBRARY ONLINE CATALOGUE

When ogres lived. (Record no. 14190)

MARC details
000 -LEADER
fixed length control field 00464nam a22001812 4500
001 - CONTROL NUMBER
control field 0000005622
005 - DATE AND TIME OF LATEST TRANSACTION
control field 20151217160109.0
008 - FIXED-LENGTH DATA ELEMENTS--GENERAL INFORMATION
fixed length control field 070620s xx 000 0 eng d
040 ## - CATALOGING SOURCE
Original cataloging agency KABU
Transcribing agency KABU
050 #0 - LIBRARY OF CONGRESS CALL NUMBER
Classification number PZ8.1
Item number .M8W44
100 1# - MAIN ENTRY--PERSONAL NAME
Personal name Muluka, Barrack O.
-- 0000152244
245 10 - TITLE STATEMENT
Title When ogres lived.
260 ## - PUBLICATION, DISTRIBUTION, ETC. (IMPRINT)
Place of publication, distribution, etc. Nairobi :
Name of publisher, distributor, etc. EAEP,
Date of publication, distribution, etc. 1997.
300 ## - PHYSICAL DESCRIPTION
Extent 31 p.
908 ## - PUT COMMAND PARAMETER (RLIN)
Put command parameter 070620
950 ## - LOCAL HOLDINGS (RLIN)
-- 1
Holdings
Withdrawn status Lost status Source of classification or shelving scheme Not for loan Home library Current library Date acquired Total Checkouts Full call number Barcode Date last seen Date last checked out Price effective from Koha item type
    Library of Congress Classification   Kabarak, Main Campus Kabarak, Main Campus 17/12/2015 4 PZ8.1 .M8W44 002123 30/03/2021 29/03/2021 17/12/2015 Children Collection